Đại gia đình các dân tộc Việt Nam

Đã lưu trong:
书目详细资料
格式: 图书
出版: Hà Nội Giáo dục 2002
主题:
标签: 添加标签
没有标签, 成为第一个标记此记录!
Thư viện lưu trữ: Trung tâm Học liệu Lê Vũ Hùng, Trường Đại học Đồng Tháp
LEADER 00661pam a22002298a 4500
001 00043546
005 20190115160136.0
008 170515s2005 ||||||Viesd
020 # # |c 82000 
041 0 # |a Vie 
082 1 4 |a 305.895 97  |b Đ103GI 
245 1 0 |a Đại gia đình các dân tộc Việt Nam 
260 # # |a Hà Nội  |c 2002  |b Giáo dục 
300 # # |a 135 tr.  |c 23 cm 
653 # # |a Dân tộc 
653 # # |a Đời sống 
653 # # |a Gia đình 
653 # # |a Việt Nam 
653 # # |a Văn hóa 
852 # # |j KD.0025803 
910 0 # |d 15/1/2019 
980 # # |a Trung tâm Học liệu Lê Vũ Hùng, Trường Đại học Đồng Tháp